عرض عادي
عرض مارك
- Corporations
مدخل مصطلح موضوعي
001 - رقم الضبط
- حقل الضبط: 42134
003 - معرف رقم الضبط
- حقل الضبط: OSt
005 - تاريخ ووقت أخر عملية
- حقل الضبط: 20140111134748.0
008 - عناصر بيانات ثابتة الطول
- حقل تحكم ثابت الطول: 140111|||a|||||| | ||| d
040 ## - مصدر الفهرسة
- هيئة الفهرسة الأصلية: OSt
- وكالة الكتابة: OSt
150 ## - مدخل-- مصطلح تاريخي
- عنصر مدخل المصطلح الموضوعي او الاسم الجغرافي: Corporations
- تفريع عام: Growth.
670 ## - بيانات المصدر موجوده
- الاستشهاد بالمصدر: Work cat.: (OSt)0: Warp-speed Travel :, c2000.
